<?xml version="1.0" encoding="UTF-8"?>
<record
    xmlns:xsi="http://www.w3.org/2001/XMLSchema-instance"
    xsi:schemaLocation="http://www.loc.gov/MARC21/slim http://www.loc.gov/standards/marcxml/schema/MARC21slim.xsd"
    xmlns="http://www.loc.gov/MARC21/slim">

  <leader>01540    a2200193   4500</leader>
  <controlfield tag="001">59311</controlfield>
  <controlfield tag="005">20260407155847.0</controlfield>
  <controlfield tag="008">260407a1966    arg                 spa d</controlfield>
  <controlfield tag="003">AR-UNSa-BCEJYS</controlfield>
  <datafield tag="040" ind1=" " ind2=" ">
    <subfield code="a">AR-UNSa-BCEJYS</subfield>
    <subfield code="b">spa</subfield>
    <subfield code="c">AR-UNSa-BCEJYS</subfield>
  </datafield>
  <datafield tag="080" ind1=" " ind2=" ">
    <subfield code="a">338(4)</subfield>
    <subfield code="x">Situaci&#xF3;n econ&#xF3;mica de Europa. Pol&#xED;tica econ&#xF3;mica. Gesti&#xF3;n de la econom&#xED;a. Planificaci&#xF3;n de la econom&#xED;a. Producci&#xF3;n. Servicios. Precios</subfield>
  </datafield>
  <datafield tag="245" ind1="1" ind2="0">
    <subfield code="a">Partidos pol&#xED;ticos y grupos de presi&#xF3;n en la integraci&#xF3;n europea</subfield>
  </datafield>
  <datafield tag="264" ind1=" " ind2="1">
    <subfield code="a">Buenos Aires :</subfield>
    <subfield code="b">BID/INTAL (Banco Interamericano de Desarrollo. Instituto para la integraci&#xF3;n de Am&#xE9;rica Latina)</subfield>
    <subfield code="c">1966</subfield>
  </datafield>
  <datafield tag="300" ind1=" " ind2=" ">
    <subfield code="a">641 p.</subfield>
    <subfield code="c">23 cm.</subfield>
  </datafield>
  <datafield tag="505" ind1=" " ind2=" ">
    <subfield code="a">Primer Parte: Integraci&#xF3;n: ideolog&#xED;a e instituciones: 1. Comunidad e integraci&#xF3;n 2. La naturaleza de la supranacionalidad &#x2013; 3. El mercado com&#xFA;n en funcionamiento &#x2013; Segunda Parte: Procesos de integraci&#xF3;n al nivel nacional: 4. Los partidos pol&#xED;ticos: 1952 y 1957 &#x2013; 5. Las asociaciones empresarias: 1952 y 1957 &#x2013; 6. Los sindicatos: 1952 y 1957 &#x2013; 7. La conducta de los gobiernos miembros  - Tercera Parte: Procesos de integraci&#xF3;n al nivel supranacional: 8. La l&#xF3;gica expansiva de la integraci&#xF3;n por sectores &#x2013; 9. Asociaciones empresarias supranacionales &#x2013; 10. Sindicatos supranacionales &#x2013; 11. Partidos pol&#xED;ticos supranacionales &#x2013; 12. &#xBF;Es la Alta Autoridad ejecutivo federal independiente? &#x2013; 13. Nuevas formas de cooperaci&#xF3;n intergubernamental - </subfield>
  </datafield>
  <datafield tag="942" ind1=" " ind2=" ">
    <subfield code="c">BK</subfield>
  </datafield>
  <datafield tag="590" ind1=" " ind2=" ">
    <subfield code="a">niveau_biblio:m niveau_hierar:0</subfield>
  </datafield>
  <datafield tag="100" ind1="1" ind2=" ">
    <subfield code="a">Haas, Ernst B.</subfield>
  </datafield>
  <datafield tag="999" ind1=" " ind2=" ">
    <subfield code="c">6646</subfield>
    <subfield code="d">6646</subfield>
  </datafield>
  <datafield tag="952" ind1=" " ind2=" ">
    <subfield code="0">0</subfield>
    <subfield code="1">0</subfield>
    <subfield code="4">0</subfield>
    <subfield code="7">0</subfield>
    <subfield code="a">BCEJYS</subfield>
    <subfield code="b">BCEJYS</subfield>
    <subfield code="c">16</subfield>
    <subfield code="d">2026-04-07</subfield>
    <subfield code="l">0</subfield>
    <subfield code="o">338(4) H112</subfield>
    <subfield code="p">L13830</subfield>
    <subfield code="r">2026-04-07 15:58:47</subfield>
    <subfield code="w">2026-04-07</subfield>
    <subfield code="y">L</subfield>
  </datafield>
  <datafield tag="952" ind1=" " ind2=" ">
    <subfield code="0">0</subfield>
    <subfield code="1">0</subfield>
    <subfield code="4">0</subfield>
    <subfield code="7">0</subfield>
    <subfield code="a">BCEJYS</subfield>
    <subfield code="b">BCEJYS</subfield>
    <subfield code="c">16</subfield>
    <subfield code="d">2026-04-07</subfield>
    <subfield code="l">0</subfield>
    <subfield code="o">338(4) H112</subfield>
    <subfield code="p">L65026</subfield>
    <subfield code="r">2026-04-07 15:58:47</subfield>
    <subfield code="w">2026-04-07</subfield>
    <subfield code="y">L</subfield>
  </datafield>
</record>
